000 00578nam a2200205 a 4500
001 sa 68009340
003 DLC
005 20260227112542.0
008 980326s1953 ii a 000 0 mar
010 _asa 68009340
040 _aDLC
_cDLC
050 0 0 _aPK2418.D26
_bS5 1953
100 1 _aDāṇḍekara, Gopāla Nīlakaṇṭha,
_d1917-
245 1 0 _aŚitū /
_cGopāla Nīlakaṇṭha Dāṇḍekara.
250 _a1. āvr̥tti.
260 _aMumbaī :
_bMauja Prakāśana,
_c1953.
300 _a7, 194 p. :
_bill. ;
_c19 cm.
500 _aA novel.
546 _aIn Marathi.
999 _c82867
_d82867